000 00318 a2200121 4500
005 20250411083119.0
082 _a658.87 SHA
100 _aSHAFFER, H.
245 _aFundamentals of Retailing
260 _aNew York,
_bMcGraw-Hill,
_c1965.
300 _a191p., ill., table, figure,
_bIndex,
_c23cm.
942 _2ddc
_cBKS
999 _c1309
_d1309